| 000 | 01598cam a22004574a 4500 | ||
|---|---|---|---|
| 001 | muse20334 | ||
| 003 | MdBmJHUP | ||
| 005 | 20210127151012.0 | ||
| 006 | m o d | ||
| 007 | cr||||||||nn|n | ||
| 008 | 851105s1984 quc o 00 0 fre d | ||
| 010 | _z 85123687 | ||
| 020 | _a9782760520363 | ||
| 020 | _z2760503445 | ||
| 020 | _z9782760503441 | ||
| 035 | _a(OCoLC)417068305 | ||
| 040 |
_aMdBmJHUP _cMdBmJHUP |
||
| 050 | 0 | 4 |
_aGV571 _b.M33 1984 |
| 082 | 0 |
_a796/.09 _219 |
|
| 100 | 1 |
_aMassicotte, Jean-Paul, _d1925- |
|
| 245 | 1 | 0 |
_aHistoire du sport de l'Antiquité au XIXe siècle _cJean-Paul Massicotte et Claude Lessard. |
| 264 | 1 | _bPresses de l'Universite du Quebec, | |
| 264 | 3 | _bProject MUSE, | |
| 300 |
_a1 online resource (xii, 311 p., [16] p. of plates) : _bill. ; |
||
| 504 | _aIncludes bibliographies and index. | ||
| 506 | 0 |
_aOpen Access _fUnrestricted online access _2star |
|
| 588 | _aDescription based on print version record. | ||
| 650 | 0 |
_aSports _xHistory. |
|
| 655 | 7 |
_aElectronic books. _2local |
|
| 700 | 1 |
_aLessard, Claude, _d1936- |
|
| 740 | 0 | _aHistoire du sport. | |
| 710 | 2 |
_aProject Muse. _edistributor |
|
| 830 | 0 | _aBook collections on Project MUSE. | |
| 856 | 4 | 0 |
_zFull text available: _uhttps://muse.jhu.edu/book/20023/ |
| 945 | _aProject MUSE - Archive History Supplement | ||
| 945 | _aProject MUSE - Archive Complete Supplement | ||
| 999 |
_c24266 _d24266 |
||